Estudio de un caso: evaluación privada y social de un proyecto social
Salvato in:
| Autore principale: | |
|---|---|
| Natura: | Libro |
| Lingua: | spagnolo |
| Pubblicazione: |
Santiago
Universidad de Chile
1977
|
| Serie: | Documento de Material Docente, 10
|
| Soggetti: | |
| Tags: |
Aggiungi Tag
Nessun Tag, puoi essere il primo ad aggiungerne!!
|
MARC
| LEADER | 00000nam a2200000 a 4500 | ||
|---|---|---|---|
| 001 | UCU2656 | ||
| 003 | CL-VaPUC | ||
| 008 | 960426e19770000CL |||||||||||||||||spa|d | ||
| 082 | 0 | 4 | |a 338.836 |b TRI |2 21 |
| 100 | 0 | |a Trivelli O., Hugo |e author |9 358993 | |
| 245 | 1 | 0 | |a Estudio de un caso: evaluación privada y social de un proyecto social |
| 300 | |a 20 p | ||
| 942 | |c BK | ||
| 945 | |d 19960426 00:00:00 |a paguirre | ||
| 260 | |a Santiago |b Universidad de Chile |c 1977 | ||
| 650 | 0 | |a Industrias |9 263688 | |
| 650 | 0 | |a Industrialización |9 263687 | |
| 650 | 0 | |a Economía |9 255568 | |
| 650 | 0 | |a Proyectos |9 337967 | |
| 650 | 7 | |a PROYECTOS INDUSTRIALES |2 CL-VaPUC |9 358647 | |
| 650 | 7 | |a PLANES DE DESARROLLO |2 CL-VaPUC |9 339401 | |
| 583 | |a last modification |c 19960426 00:00:00 |k Rodrigo Vera | ||
| 490 | 0 | |a Documento de Material Docente, 10 | |
| 999 | |c 246896 |d 246894 | ||
| 952 | |0 0 |1 0 |4 0 |6 338_836000000000000_TRI_1977 |7 0 |8 A |9 262252 |a BIBING |b BIBING |d 2019-11-19 |i 1642073 |o 338.836 TRI 1977 |p 1642073 |r 2025-01-20 |w 2019-11-19 |y BK |k EII | ||
| 952 | |0 0 |1 0 |4 0 |6 338_836000000000000_TRI_1977 |7 0 |8 A |9 262253 |a BIBING |b BIBING |d 2019-11-19 |i 1642170 |o 338.836 TRI 1977 |p 1642170 |r 2025-01-20 |w 2019-11-19 |y BK |k EII | ||
| 952 | |0 0 |1 0 |4 0 |6 338_836000000000000_TRI_1977 |7 0 |8 A |9 262254 |a BIBING |b BIBING |d 2019-11-19 |i 1642391 |o 338.836 TRI 1977 |p 1642391 |r 2025-01-20 |w 2019-11-19 |y BK |k EII | ||